00594nam a2200145 a 4500008004100000020001500041050001400056100002000070245021200090250001200302260005600314300001600370350001000386650005200396151214s2006 ||||||||||||||||| || u a8180617637 aRC 46 Cha aChandra, Sharad10aQuick review of PGMEE for various post graduate medical entrance examinations volume 2: (including medicine, pediatrics, dermatology and venereal diseases, radiology, psychiatry) (4th ed.)cBy Sharad Chandra a4th ed. aNew DelhibJaypee Brothers Medical publishersc2006 a687p.: ill. a98.00 aINTERNAL MEDICINE--EXAMINATIONS, QUESTIONS, ETC